000 00669nam a2200193Ia 4500
003 GCL
008 140319s9999 xx 000 0 ara d
020 _a7399213977
040 _aGCL /
_cGCL
082 0 4 _a276.185
_bس م
100 1 _aسكولسبرج، هيربرت
245 1 0 _aالمسيحية والاقتصاد :
_bقراءة لاهوتية لمجتمع العدالة والسلام /
_cسكولسبرج، هيربرت
700 1 _aصمويل، فيناى
260 _aالقاهرة :
_bدار الثقافة ،
_c1999
300 _a253 ص ؛
_c24 سم
650 0 4 _aالمسيحية
650 0 4 _aالمسيحية والاقتصاد
942 _2ddc
_cBK
999 _c3776
_d3776